Yo...artesano del papel

Gorde:
Xehetasun bibliografikoak
Egile nagusia: Allen, Judy (Egilea)
Formatua: Liburua
Hizkuntza:gaztelania
Argitaratua: Buenos Aires Lumen 1992
Saila:Colección manualidades
Gaiak:
Etiketak: Etiketa erantsi
Etiketarik gabe, Izan zaitez lehena erregistro honi etiketa jartzen!

MARC

LEADER 00000nam a2200000 a 4500
001 UCZ1329
003 CL-VaPUC
008 950817e19920000AG |||||||||||||||||spa|d
082 0 4 |a 372.55  |b ALL  |2 21 
100 0 |a Allen, Judy  |e author  |9 344878 
245 1 0 |a Yo...artesano del papel 
300 |a 46 p 
942 |c BK 
945 |d 19950817 00:00:00  |a rbrito 
260 |a Buenos Aires  |b Lumen  |c 1992 
650 0 |a Creatividad   |9 310816 
650 0 |a Educación artística  |9 269035 
650 0 |a Origami  |9 310849 
583 |a last modification  |c 20170828 12:57:25  |k Rodrigo Vera 
490 0 |a Colección manualidades 
999 |c 238088  |d 238086 
952 |0 0  |1 0  |4 0  |6 372_550000000000000_ALL_1992  |7 0  |8 A  |9 248078  |a BIBEDU  |b BIBEDU  |d 2019-11-18  |i 3118673  |o 372.55 ALL 1992  |p 3118673  |r 2019-11-18  |w 2019-11-18  |y BK  |k EPE